skbl

Dr Suryya Kumar Bhuyan Library Web-OPAC
ডঃ সূৰ্য্য
কুমাৰ ভূঞা পুথিভঁৰাল ৱেব-অ'পেক

All Research Scholars are advised to clear the annual library fees to continue using Library Resources, Remote Access, Plagiarism Test and Library Clearance.

Cotton University Book Fair 2026

Course in Chemistry for IIT JEE (Record no. 59696)

MARC details
000 -LEADER
fixed length control field 00565nam a2200193Ia 4500
001 - CONTROL NUMBER
control field 59821
008 - FIXED-LENGTH DATA ELEMENTS--GENERAL INFORMATION
fixed length control field 160520n ii |||gr||||Z||||||465
020 ## - INTERNATIONAL STANDARD BOOK NUMBER
International Standard Book Number 0-07-463934-X
082 ## - DEWEY DECIMAL CLASSIFICATION NUMBER
Classification number 540
110 ## - MAIN ENTRY--CORPORATE NAME
Corporate name or jurisdiction name as entry element Tata MC Graw Hills.
245 #0 - TITLE STATEMENT
Title Course in Chemistry for IIT JEE
Statement of responsibility, etc. Tata MC Graw Hills
Medium Textual Documents
250 ## - EDITION STATEMENT
Edition statement 4th Edn--1999.
260 ## - PUBLICATION, DISTRIBUTION, ETC.
Place of publication, distribution, etc. New Delhi:
Name of publisher, distributor, etc. Tata MC Graw Hills.
300 ## - PHYSICAL DESCRIPTION
Extent 990pg:
Other physical details IIT Screening Test--1995 , Ill;
Dimensions 23cm.
653 ## - INDEX TERM--UNCONTROLLED
Uncontrolled term Chemistry
653 ## - INDEX TERM--UNCONTROLLED
Uncontrolled term Course in Chemistry for IIT JEE
653 ## - INDEX TERM--UNCONTROLLED
Uncontrolled term G-Chemistry
942 ## - ADDED ENTRY ELEMENTS (KOHA)
Source of classification or shelving scheme Dewey Decimal Classification
Koha item type Books
Holdings
Withdrawn status Lost status Damaged status Not for loan Collection Home library Current library Shelving location Date acquired Coded location qualifier Total checkouts Full call number Barcode Date last seen Copy number Price effective from Koha item type
          Dr. Suryya Kumar Bhuyan Library Dr. Suryya Kumar Bhuyan Library   20/05/2016 00000   540 Me 232 Co 3105/gift 14/01/2024 1 20/05/2016 Books

Designed and Maintained by Team SKBL
©1901-2026

Powered by Koha